000 01200nam a22002777a 4500
005 2008090307237.0
008 080903t xxu||||| |||| 00| 0 eng d
010 _aENG-90956-57
020 _a9788131304587 (for set)
_c2195.00 (for 2 vols.)
035 _aEN-74489-90
037 _bDBAD / PUB
040 _aDPL
_bEnglish
082 _a333.707
100 _aMohanka, Reena
245 _aEnvironmental education /
_cby Reena Mohanka, Ananya Sen [and] M.P. Singh
260 _aNew Delhi
_bAPH Publishing House
_c2009
270 _a4435-36/7, Ansari Raod, Darya Ganj,
_bNew Delhi
_e110002
_k23274050
300 _a2v (ix, 306p.; ix, 307-586p.):
_c23 cm (Hb)
_bmaps.; ill.
500 _aIncludes index
650 _aEnvironmental education
700 _aSen, Ananya
700 _aSingh, M.P.
942 _2ddc
_cEN
_mMOH
_h333.707
999 _c15368
_d15368